| 000 | 00984nam a2200265 i 4500 | ||
|---|---|---|---|
| 001 | 177807 | ||
| 003 | ES-MaACL | ||
| 005 | 20251001063037.0 | ||
| 008 | 110427s2009 sp afo |||| | spa d | ||
| 017 | _aM-46611-2009 | ||
| 080 | _a728.82(460.27 M.) | ||
| 100 | 1 |
_aEzquerra del Bayo, Joaquín, _d1863-1942 _9162294 |
|
| 245 | 1 | 3 |
_aEl palacete de la Moncloa _b: su pasado y su presente / _cpor Joaquín Ezquerra del Bayo. |
| 250 | _aEd. facs. | ||
| 260 |
_a[Madrid] : _bPresidencia del Gobierno, _cD. L. 2009. |
||
| 300 |
_a38, 30, 24 p. , LII h. de lám. : _bil. col. y n. ; _c33 cm. |
||
| 534 |
_pReproducción facs. de la ed. de: _cMadrid : Sociedad Española de Amigos del Arte, 1929. |
||
| 610 | 2 | 4 |
_aPalacio de la Moncloa (Madrid) _9146288 |
| 655 | 7 |
_2tgfbne _9226495 _aFacsímiles |
|
| 852 |
_aES-MaACL _9R.145780 _jA-11096 _dOlim:N-4101 _cDEPO1 |
||
| 903 | _ednr | ||
| 942 |
_2udc _cMONOGRAFIA |
||
| 999 |
_c177807 _d177807 |
||